Statistics for 10 Busiest New York City Subway Stations

Click here to take the quiz!

General Stats

  • This quiz has been taken 809 times
  • The average score is 4 of 10

Answer Stats

HintAnswer% Correct
1Times Square-42nd Street
89%
2Grand Central Station-42nd Street
78%
5Penn Station-34th Street/7th Ave
60%
6Penn Station-34th Street/8th Ave
60%
4Union Square-14th Street
50%
7Columbus Circle-59th Street
43%
3Herald Square-34th Street
26%
10Flusing-Main Street
4%
8Lexington Ave/59th Street
2%
9Lexington Ave/86th Street
1%

Score Distribution

Percentile by Number Answered

Percent of People with Each Score

Your Score History

You have not taken this quiz